The administration of the college library (Record no. 4711)

MARC details
000 -LEADER
fixed length control field 00490nam a22001697a 4500
003 - CONTROL NUMBER IDENTIFIER
control field OSt
005 - DATE AND TIME OF LATEST TRANSACTION
control field 20251024012829.0
008 - FIXED-LENGTH DATA ELEMENTS--GENERAL INFORMATION
fixed length control field 251008b |||||||| |||| 00| 0 eng d
020 ## - INTERNATIONAL STANDARD BOOK NUMBER
International Standard Book Number 0-8242-0552-9
040 ## - CATALOGING SOURCE
Original cataloging agency DWCL-Main lib
Transcribing agency OC
082 ## - DEWEY DECIMAL CLASSIFICATION NUMBER
Classification number Circ. 027.7 L988a 1974
100 ## - MAIN ENTRY--PERSONAL NAME
Personal name Lyle, Guy R.
245 ## - TITLE STATEMENT
Title The administration of the college library
260 ## - PUBLICATION, DISTRIBUTION, ETC.
Place of publication, distribution, etc. NY :
Name of publisher, distributor, etc. the H.W. Wilson Company, Inc.,
Date of publication, distribution, etc. c1974
300 ## - PHYSICAL DESCRIPTION
Extent xiv, 320 pages :
Dimensions 22 cm.
942 ## - ADDED ENTRY ELEMENTS (KOHA)
Source of classification or shelving scheme Dewey Decimal Classification
Koha item type Book Circulation
Edition 4th ed.
Call number prefix Circ.
Suppress in OPAC No
952 ## - LOCATION AND ITEM INFORMATION (KOHA)
--
Holdings
Withdrawn status Lost status Source of classification or shelving scheme Damaged status Not for loan Home library Current library Shelving location Date acquired Cost, normal purchase price Total Checkouts Full call number Barcode Date last seen Copy number Price effective from Koha item type Uniform Resource Identifier
    Dewey Decimal Classification     College Library College Library Circulation 10/08/2025 0.00   Circ. 027.7 L988a 1974 46468 10/08/2025 c1 10/08/2025 BK-CIRC